LES 10 PLUS GROSSE VENTES DU STADE RENNAIS - Statistiques

Statistiques générales
  • Ce quiz a été pris 91 fois
  • Le résultat moyen est 6 sur 10
Statistiques - réponses
PRIX POSTE NATIONALITE NOM % Correct
60 AILIER BELGE DOKU
94%
50 AILER FRANCAIS DOUE
80%
35 ATTAQUANT FRANCAIS DEMBELE
77%
35 DEFENSEUR MAROC AGUERD
75%
63,60 DEFENSEUR CENTRAL FRANCAIS JACQUET
75%
31 MILIEU FRANCAIS CAMAVINGA
66%
30 AILER SENEGAL SARR
60%
30 ATTAQUANT FRANCAIS KALIMUENDO
46%
30 ATTAQUANT FRANCAIS MEITE
22%
27 MILIEU FRANCAIS UGOCHUKWU
19%
Aucun quiz correspondant
Distribution des résultats
% des personnes avec chaque résultat
Percentile par nombre de réponses
Votre historique - résultats
Vous n’avez pas pris ce quiz